Equilibrios en Disolución / (Record no. 6628)

000 -CABECERA
fixed length control field 00811nam a22002057a 4500
003 - IDENTIFICADOR DEL NÚMERO DE CONTROL
control field AR-CdUCM
008 - DATOS DE LONGITUD FIJA--INFORMACIÓN GENERAL
fixed length control field 190318b ||||| |||| 00| 0 spa d
040 ## - FUENTE DE LA CATALOGACIÓN
Agencia/entidad que catalogó originalmente la obra MUNICIPALIDAD PROVINCIAL DEL CUSCO
Entidad que transcribió la catalogación BIBLIOTECA MUNICIPAL DEL CUSCO
082 ## - NÚMERO DE LA CLASIFICACIÓN DECIMAL DEWEY
No. de Clasificación 541 /
Notacion interna F57
100 ## - ENTRADA PRINCIPAL--NOMBRE DE PERSONA
Nombre Personal Fleck, George M.
245 ## - MENCIÓN DE TÍTULO
Título Equilibrios en Disolución /
260 ## - PUBLICACIÓN, DISTRIBUCIÓN, ETC.
Lugar de publicación, distribución, etc. España :
Nombre de la editorial, distribuidor, etc. Alhambra ;
Fecha de publicación, distribución, etc. 1967.
300 ## - DESCRIPCIÓN FÍSICA
Nº de Páginas Extensión 286 páginas ;
Otros detalles físicos Diagramas, fórmulas
Dimensiones 20cm
440 ## - MENCIÓN DE SERIE/PUNTO DE ACCESO ADICIONAL--TÍTULO
Título Colección Exedra - Ciencia, Técnica, Ingeniería
Número de la parte/sección de una obra 18
9 (RLIN) 18645
505 ## - NOTA DE CONTENIDO CON FORMATO
Nota de contenido formateada Contenido: Equilibrio químico -- Producto de solubilidad -- Equilibrios ácido-base -- Valoración de un ácido monobásico -- Ácidos bibásicos...
650 ## - PUNTO DE ACCESO ADICIONAL DE MATERIA--TÉRMINO DE MATERIA
Descriptor Química
9 (RLIN) 4512
700 ## - PUNTO DE ACCESO ADICIONAL--NOMBRE DE PERSONA
Nombre Personal Storch de Gracia, José María
9 (RLIN) 18646
942 ## - ELEMENTOS DE PUNTO DE ACCESO ADICIONAL (KOHA)
Fuente de clasificación
Tipo de item Libros-BMC
945 ## - PROCESAMIENTO DE INFORMACIÓN LOCAL (OCLC)
Catalogador nom
Holdings
Estado de retiro (separado) Fuente de clasificación o esquema de estanterías Estado dañado Ubicación Sala donde se ubica Nombre de la colección Fecha de adquisición o compra Costo, precio normal en soles Signatura topográfica Código de Barras Última vez visto (Koha) Tipo de ítem (Koha)
No     Sala Ciencias Sala Ciencias Book Cart 2019-03-18 25.00 541 / F57 SC0000000082 2019-03-18 Libros-BMC

Powered by Koha